000 02479njm a2200421Ia 4500
001 73130
003 IT-RoPAU
005 20220918181139.0
008 131025s9999 xx 000 0 und d
040 _aIT-RoPAU
040 _cIT-RoPAU
041 _aPOLACCO
999 _c101142
_d101142
999 _bn.d.
100 _aAA.VV.
_9794
100 _eAutore musica
_924631
100 _gCodice autore musica SPICS: 12000
_9796
245 _aNie Bylo Ciebie Tyle Lat (Lp 074)
250 _a1a ed.
260 _aPOLONIA
260 _bWIFON
_c1985 [1a Ed.:1984 - Ed. Lingua Orig.: 1984]
300 _aDISCO
300 _c43 minuti (Testo: 0 pag.)
500 _aMusica pop polacca
505 _aNie Bylo Ciebie Tyle Lat (5:00) - Koncert Na Swiatlo I Cien (5:00) - Dzieli Nas Pol Swiata (4:00) - Lot nr. 205 (4:00) - Przez Morze Siedmiu Morz (4:00) - Blue Box (5:00) - Nie Powiem Ci Idz (5:00) - Przed Siebie Pobiec Choc Raz (4:00) - Lepiej, Ze Nie Wiem (4:00) - Trzeba Tam Wrocic (5:00)
650 _aPOP MUSIC [DISCHI]
_eCodice MATERIA SPICS: 9950
_924632
700 _aGizowska Krystyna
_gCodice interprete SPICS: 25569
_eInterprete
_924633
700 _aKniat R.
_gCodice autore musica SPICS: 25085
_eAutore musica
_pNie Bylo Ciebie Tyle Lat
_924634
700 _aJarek A.
_gCodice autore testo/musica SPICS: 25179
_eAutore testo/musica
_pNie Bylo Ciebie Tyle Lat - Przed Siebie Pobiec Choc Raz - Lepiej, Ze Nie Wiem
_924635
700 _aGorny Z.
_gCodice autore musica SPICS: 25408
_eAutore musica
_pKoncert Na Swiatlo I Cien
_924636
700 _aKondratowicz J.
_gCodice autore testo/musica SPICS: 25196
_eAutore testo/musica
_pKoncert Na Swiatlo I Cien - Lot nr. 205 - Przez Morze Siedmiu Morz - Blue Box
_924637
700 _aDowgierd J.
_gCodice autore musica SPICS: 25409
_eAutore musica
_pDzieli Nas Pol Swiata - Przez Morze Siedmiu Morz
_924638
700 _aTara A.
_gCodice autore testo/musica SPICS: 25201
_eAutore testo/musica
_pDzieli Nas Pol Swiata - Nie Powiem Ci Idz
_924639
700 _aTrzcinski W.
_gCodice autore musica SPICS: 23061
_eAutore musica
_pLot nr. 205 - Przed Siebie Pobiec Choc Raz
_924640
700 _aMaliszewski Aleksander
_gCodice autore musica SPICS: 23058
_eAutore musica
_pBlue Box
_924641
700 _aTrojan M.
_gCodice autore musica SPICS: 25410
_eAutore musica
_pNie Powiem Ci Idz - Lepiej, Ze Nie Wiem - Trzeba Tam Wrocic
_924642
700 _aSobczak A.
_gCodice autore testo/musica SPICS: 25156
_eAutore testo/musica
_pTrzeba Tam Wrocic
_924643
942 _cMD
_2ddc